Daily Capital City Riddle #137 - Statistics

General Stats
  • This quiz has been taken 18 times
  • The average score is 29 of 35
Answer Stats
Type Answer % Correct
Alphabet Letter I
100%
Found Letter O
100%
Alphabet Letter R
100%
Found Letter T
100%
Found Letter A
94%
Alphabet Letter D
94%
Alphabet Letter G
94%
Alphabet Letter L
94%
Alphabet Letter M
94%
Found Letter N
94%
Alphabet Letter S
94%
Correctly Placed Letter A
88%
Alphabet Letter B
88%
Found Letter C
88%
Found Letter E
88%
Alphabet Letter H
88%
Alphabet Letter U
88%
Found Letter W
88%
Found Letter P
82%
Correctly Placed Letter E
76%
Alphabet Letter J
76%
Alphabet Letter K
76%
Correctly Placed Letter O
76%
Alphabet Letter Y
76%
Correctly Placed Letter N
71%
Alphabet Letter X
71%
Alphabet Letter Z
71%
Correctly Placed Letter C
65%
Mystery Capital Cape Town
65%
Alphabet Letter F
65%
Correctly Placed Letter P
65%
Alphabet Letter Q
65%
Correctly Placed Letter T
65%
Alphabet Letter V
65%
Correctly Placed Letter W
65%
No matching quizzes found
Score Distribution
Percent of People with Each Score
Percentile by Number Answered
Your Score History
You have not taken this quiz